Summa S. Thomae hodiernis moribus accommodata sive cursus theologiae juxta mentem et in quantum licuit, ...

Detalles Bibliográficos
Autor principal: BILLUART, Carlos Renato ( Fray )
Formato: Libro
Publicado: Madrid 1790
Materias:
Colección:Banco de datos
Acervo:Biblioteca del Ex Convento de Nuestra Señora de Guadalupe. Zacatecas
Tema general:Teología
Notas:Buena. XXIV,3,8 (7263)
LEADER 00736nam a22001930004500
035 |a 44453 
036 |a 5637 
100 1 |a BILLUART, Carlos Renato ( Fray ) 
245 1 0 |a Summa S. Thomae hodiernis moribus accommodata sive cursus theologiae juxta mentem et in quantum licuit, ... 
260 |a Madrid  |b imp. Viuda de Escribano  |c 1790 
500 |a Buena. XXIV,3,8 (7263) 
650 1 0 |a Teología 
949 |a CRZ-CG 
959 |a Ex convento de Nuestra Señora de Guadalupe, Museo Regional de Zacatecas, Zacatecas  |b CCC4 
960 |a Convento de Nuestra Señora de Guadalupe, Zacatecas  |b DD87 
961 |a Franciscana  |b OF 
942 |c CRZ-CG 
943 |g Biblioteca del Ex Convento de Nuestra Señora de Guadalupe. Zacatecas 
999 |c 968580  |d 968580